[Event "Astana Zhuldyzdary Open A"]
[Site "Astana KAZ"]
[Date "2023.07.18"]
[Round "10.5"]
[White "Sivuk, Vitaly"]
[Black "Niemann, Hans Moke"]
[Result "0-1"]
[WhiteTitle "GM"]
[BlackTitle "GM"]
[WhiteElo "2432"]
[BlackElo "2674"]
[WhiteFideId "14116502"]
[BlackFideId "2093596"]
[EventDate "2023.07.11"]

1. d4 Nf6 2. c4 g6 3. Nc3 Bg7 4. e4 d6 5. Be2 O-O 6. Nf3 e5 7. d5 a5 8. Be3 Ng4
9. Bg5 f6 10. Bh4 Na6 11. Nd2 Nh6 12. f3 Nc5 13. O-O Nf7 14. b3 h5 15. a3 Bh6
16. Rb1 Bd7 17. Qc2 Qe7 18. Kh1 Kg7 19. Bf2 h4 20. b4 axb4 21. axb4 Na4 22. Nb5
c6 23. Nc7 Rac8 24. Ne6+ Bxe6 25. dxe6 Qxe6 26. c5 h3 27. g3 d5 28. Rfd1 Bxd2
29. Rxd2 dxe4 30. fxe4 Ra8 31. Rbd1 f5 32. Be3 fxe4 33. Kg1 Rfd8 34. Rxd8 Nxd8
35. Rd6 Qe8 36. Bc4 Nf7 37. Re6 Qd7 38. Qxe4 Qd1+ 39. Kf2 Qh5 40. Re7 Rf8 41.
Qf3 Qxf3+ 42. Kxf3 Kf6 43. Rxb7 Nc3 44. Bd2 Nb1 45. Bc1 Nc3 46. Rc7 e4+ 47. Ke3
Ne5 48. Kd4 Nd1 49. Bg5+ Kf5 50. Be6+ Kxg5 51. Kxe5 e3 52. Bc4 Re8+ 53. Kd6 e2
54. Bxe2 Rxe2 55. Rh7 Rxh2 56. Kxc6 Kg4 57. b5 Rb2 58. b6 Nc3 59. b7 g5 60. Kc7
Ne4 61. c6 Nc5 62. Kd6 Nxb7+ 63. Rxb7 Rd2+ 64. Ke5 Rc2 65. c7 Rc1 0-1

[Event "Astana Zhuldyzdary Open A"]
[Site "Astana KAZ"]
[Date "2023.07.18"]
[Round "10.6"]
[White "Petrosyan, Manuel"]
[Black "Makhnev, Denis"]
[Result "1/2-1/2"]
[WhiteTitle "GM"]
[BlackTitle "GM"]
[WhiteElo "2627"]
[BlackElo "2454"]
[WhiteFideId "13300857"]
[BlackFideId "13707647"]
[EventDate "2023.07.11"]

1. d4 d5 2. c4 e6 3. Nc3 c6 4. e3 Nf6 5. Nf3 Nbd7 6. Qc2 Bd6 7. Bd3 O-O 8. O-O
dxc4 9. Bxc4 b5 10. Bd3 Bb7 11. Ng5 h6 12. Nge4 Be7 13. Bd2 Rc8 14. Rfd1 Nxe4
15. Bxe4 a5 16. a3 Qb6 17. b4 axb4 18. axb4 Bxb4 19. Na4 bxa4 20. Bxb4 Qxb4 21.
Rdb1 Qd6 1/2-1/2

[Event "Astana Zhuldyzdary Open A"]
[Site "Astana KAZ"]
[Date "2023.07.18"]
[Round "10.7"]
[White "Igambergenov, Alibek"]
[Black "Bernadskiy, Vitaliy"]
[Result "1/2-1/2"]
[WhiteTitle "IM"]
[BlackTitle "GM"]
[WhiteElo "2420"]
[BlackElo "2545"]
[WhiteFideId "13703404"]
[BlackFideId "14100371"]
[EventDate "2023.07.11"]

1. d4 Nf6 2. c4 g6 3. Nc3 Bg7 4. e4 d6 5. h3 Nbd7 6. Bd3 e5 7. d5 Nc5 8. Bc2 a5
9. Bg5 c6 10. Nf3 cxd5 11. cxd5 h6 12. Be3 O-O 13. Qd2 Kh7 14. O-O b6 15. Kh2
Ba6 16. Rfb1 Rc8 17. a3 Ncd7 18. Rc1 Ng8 19. g4 Ne7 20. Kh1 Nf6 21. Na4 Rb8 22.
b4 axb4 23. axb4 Bc4 24. Bb1 Nfxd5 25. exd5 Bxd5 26. Qd1 Ra8 27. Bc2 b5 28. Nb6
Rxa1 29. Rxa1 Bc6 30. Kg1 f5 31. gxf5 Nxf5 32. Bxf5 Rxf5 33. Ne1 d5 34. Qc1 d4
35. Qxc6 dxe3 36. fxe3 Rf6 37. Qxb5 Rxb6 38. Qc5 Rb7 39. Ng2 Bf8 40. Qc4 Bxb4
41. Rb1 Qe7 42. Qe4 Rb6 43. Nf4 Qg5+ 44. Ng2 Qe7 45. Nf4 Qg5+ 46. Ng2 1/2-1/2

[Event "Astana Zhuldyzdary Open A"]
[Site "Astana KAZ"]
[Date "2023.07.18"]
[Round "10.8"]
[White "Nikitenko, Mihail"]
[Black "Madaminov, Mukhiddin"]
[Result "0-1"]
[WhiteTitle "GM"]
[BlackTitle "IM"]
[WhiteElo "2540"]
[BlackElo "2471"]
[WhiteFideId "13506862"]
[BlackFideId "14210703"]
[EventDate "2023.07.11"]

1. e4 e5 2. Bc4 Nf6 3. d3 Nc6 4. Nf3 d5 5. exd5 Nxd5 6. O-O Be7 7. Re1 f6 8. d4
Nb6 9. Bb5 O-O 10. c3 Bg4 11. Nbd2 exd4 12. Bxc6 bxc6 13. Qb3+ Kh8 14. Nxd4 Bd6
15. Nc4 c5 16. Nb5 Re8 17. Rxe8+ Qxe8 18. Be3 Qc6 19. Nbxd6 cxd6 20. Na5 Qd7 21.
c4 Kg8 22. f3 Be6 23. Rd1 Rc8 24. Qc2 d5 25. cxd5 Bxd5 26. b3 Qb5 27. Qd2 Bf7
28. a4 Qe8 29. Re1 Qf8 30. Rc1 Qe7 31. Qf2 Nd7 32. b4 c4 33. b5 Ne5 34. Qd2 Nd3
35. Rd1 Qa3 36. Nc6 Re8 37. a5 Nb2 38. Re1 c3 39. Qc1 Qb3 40. Nd4 Qb4 41. Nc6
Qxb5 42. Qxc3 Nd3 43. Nd4 Rxe3 44. Nxb5 Rxe1+ 45. Qxe1 Nxe1 46. Nxa7 Nd3 47. Nc8
Bc4 48. Nb6 Ba6 49. Nd5 Bb7 50. Nc7 Nb4 51. Kf2 Kf7 52. Nb5 Ke7 53. Nd4 Bc8 54.
Ke3 Kd6 55. Ke4 Nc6 56. Nxc6 Kxc6 57. h4 h5 58. Kf4 Kd6 59. g4 g6 60. gxh5 gxh5 0-1

[Event "Astana Zhuldyzdary Open A"]
[Site "Astana KAZ"]
[Date "2023.07.18"]
[Round "10.9"]
[White "Harutyunyan, Tigran K."]
[Black "Isanzhulov, Arystan"]
[Result "1/2-1/2"]
[WhiteTitle "GM"]
[BlackTitle "FM"]
[WhiteElo "2526"]
[BlackElo "2422"]
[WhiteFideId "13303635"]
[BlackFideId "13711644"]
[EventDate "2023.07.11"]

1. d4 Nf6 2. Nf3 e6 3. Bf4 d5 4. e3 Bd6 5. Nbd2 O-O 6. c3 c5 7. Bg3 Qc7 8. dxc5
Qxc5 9. Bd3 Nbd7 10. e4 dxe4 11. Nxe4 Nxe4 12. Bxe4 Bxg3 13. hxg3 Nf6 14. Qc2 h6
15. Rd1 e5 16. O-O Bg4 17. Rfe1 Qc7 18. Qb3 Rab8 19. Rd2 Rfe8 20. Qa3 b6 21. Qd6
Qxd6 22. Rxd6 Bxf3 23. gxf3 Rbd8 24. Rxd8 Rxd8 25. Bc6 Rd2 26. Rxe5 Rxb2 27. a4
Rc2 28. Re3 g6 29. Rd3 Kg7 30. Bb5 g5 31. c4 g4 32. fxg4 Nxg4 33. Rd7 a5 34. Rd6
Nxf2 35. Rxb6 Ne4 36. g4 Nf6 37. Ra6 Nxg4 38. Rxa5 Ne5 39. Ra8 h5 40. Re8 Kf6
41. a5 Ra2 42. a6 Kf5 43. c5 Kf4 44. c6 Ra1+ 45. Kf2 Ra2+ 46. Kf1 Ra1+ 47. Ke2
Ra2+ 48. Kd1 Ra1+ 49. Kd2 Nxc6 50. Bxc6 Rxa6 51. Bb7 Rd6+ 52. Kc3 h4 53. Re4+
Kg5 54. Re3 f5 55. Kc4 Kf4 56. Ra3 Rd2 57. Rf3+ Kg4 58. Rf1 h3 59. Kc3 Rd7 60.
Rg1+ Kf4 61. Bh1 Rd8 62. Kc2 Rd7 63. Rg6 Ra7 64. Rg1 h2 65. Rf1+ Kg4 66. Kd3
Ra3+ 67. Ke2 f4 68. Rb1 f3+ 69. Kf1 Kg3 70. Re1 Ra2 71. Re3 Ra1+ 72. Re1 Ra2 73.
Re3 Rf2+ 74. Ke1 Rg2 75. Rxf3+ Kxf3 76. Kf1 Kg3 77. Bxg2 h1=B 78. Bxh1 1/2-1/2

[Event "Astana Zhuldyzdary Open A"]
[Site "Astana KAZ"]
[Date "2023.07.18"]
[Round "10.10"]
[White "Stribuk, Artiom"]
[Black "Kazhgaleyev, Murtas"]
[Result "0-1"]
[WhiteTitle "FM"]
[BlackTitle "GM"]
[WhiteElo "2408"]
[BlackElo "2503"]
[WhiteFideId "13515659"]
[BlackFideId "13700316"]
[EventDate "2023.07.11"]

1. d4 Nf6 2. c4 e6 3. g3 Bb4+ 4. Bd2 c5 5. Bxb4 cxb4 6. Bg2 O-O 7. e4 d6 8. Ne2
a5 9. a3 Na6 10. O-O e5 11. Qd3 Re8 12. Nd2 Bg4 13. f3 Bd7 14. Rfd1 Qb8 15. Qe3
b5 16. dxe5 dxe5 17. Bf1 Rc8 18. cxb5 Bxb5 19. Nc1 Bxf1 20. Kxf1 Nc5 21. a4 Nxa4
22. Nd3 Qb5 23. Ke1 Rc2 24. Rdc1 Rac8 25. b3 Rxc1+ 26. Rxc1 Rxc1+ 27. Nxc1 Nc5
28. Qe2 Qb8 29. Qc4 Qd6 30. Qb5 h5 31. Qxa5 Qd4 32. Ne2 Qxd2+ 0-1

[Event "Astana Zhuldyzdary Open A"]
[Site "Astana KAZ"]
[Date "2023.07.18"]
[Round "10.11"]
[White "Abdilkhair, Abilmansur"]
[Black "Sargsyan, Shant"]
[Result "0-1"]
[WhiteTitle "FM"]
[BlackTitle "GM"]
[WhiteElo "2248"]
[BlackElo "2654"]
[WhiteFideId "13716417"]
[BlackFideId "13306766"]
[EventDate "2023.07.11"]

1. e4 c6 2. d4 d5 3. f3 e6 4. Nc3 Bb4 5. Qd3 Ne7 6. a3 Ba5 7. Ne2 Nd7 8. Be3 O-O
9. g3 c5 10. exd5 Nxd5 11. dxc5 Ne5 12. Qe4 Nxe3 13. Qxe3 Nc4 14. Qc1 Qd5 15.
Bg2 Bxc3+ 16. Nxc3 Qxc5 17. Bf1 Ne3 18. Bd3 e5 19. Qd2 Nc4 20. Bxc4 Qxc4 21.
O-O-O Be6 22. Rhe1 f6 23. Qd6 Rac8 24. Re4 Qc6 25. Ra4 a6 26. Rb4 b5 27. a4 bxa4
28. Rxa4 Bc4 29. Qxc6 Rxc6 30. Rb4 h5 31. b3 Be6 32. Nd5 Kh7 33. c4 Rf7 34. Kb2
g5 35. Nc3 g4 36. fxg4 hxg4 37. Rb8 Kg7 38. Rdd8 Kg6 39. Nd5 Rh7 40. Nb4 Rxh2+
41. Kc3 Rc7 42. Rd6 Bf7 43. Nxa6 Re7 44. c5 e4 45. c6 e3 46. Rd1 Be6 47. Rb7 Re8
48. Nc7 Rc8 49. b4 Bf5 50. b5 Rc2+ 51. Kb3 e2 52. Re1 Rd2 53. Ra7 Rcd8 54. Ra3
Be4 55. Kb4 Rb2+ 56. Rb3 Rxb3+ 57. Kxb3 Bf3 58. Ne6 Bd5+ 59. Kb4 Bxe6 60. b6
Rd4+ 61. Kb5 Rd5+ 62. Ka6 Rd1 63. Rxe2 Bc4+ 64. Ka7 Bxe2 65. b7 Bf3 66. c7 Bxb7 0-1

[Event "Astana Zhuldyzdary Open A"]
[Site "Astana KAZ"]
[Date "2023.07.18"]
[Round "10.12"]
[White "Kovalev, Vladislav"]
[Black "Kamalidenova, Meruert"]
[Result "1/2-1/2"]
[WhiteTitle "GM"]
[BlackTitle "WIM"]
[WhiteElo "2603"]
[BlackElo "2336"]
[WhiteFideId "13504398"]
[BlackFideId "13712802"]
[EventDate "2023.07.11"]

1. e4 c5 2. Ne2 Nc6 3. d4 cxd4 4. Nxd4 Nf6 5. Nc3 e6 6. Ndb5 Bc5 7. Bf4 O-O 8.
Bc7 Qe7 9. Bd6 Bxd6 10. Qxd6 Qd8 11. Qd2 d5 12. exd5 exd5 13. O-O-O a6 14. Nd4
Re8 15. f3 Qb6 16. g4 Be6 17. h4 Nd7 18. Nce2 Nde5 19. h5 Bd7 20. b3 Rac8 21. h6
Nb4 22. Kb1 g6 23. c3 Nbd3 24. Nf4 Nxf4 25. Qxf4 Rxc3 26. Rh2 Rcc8 27. Rc2 Nc4
28. Re2 Rxe2 29. Bxe2 Qd6 30. Qxd6 Nxd6 31. Nc2 Bb5 32. Nd4 Bd7 33. Nc2 Bb5 34.
Nd4 1/2-1/2

[Event "Astana Zhuldyzdary Open A"]
[Site "Astana KAZ"]
[Date "2023.07.18"]
[Round "10.13"]
[White "Faizrakhmanov, Ramil"]
[Black "Ponkratov, Pavel"]
[Result "1-0"]
[WhiteTitle "IM"]
[BlackTitle "GM"]
[WhiteElo "2457"]
[BlackElo "2589"]
[WhiteFideId "24103209"]
[BlackFideId "4157800"]
[EventDate "2023.07.11"]

1. d4 Nf6 2. c4 e6 3. Nf3 b6 4. g3 Ba6 5. b3 d5 6. Bg2 Bb4+ 7. Bd2 Be7 8. cxd5
exd5 9. Nc3 O-O 10. O-O Re8 11. a3 c5 12. dxc5 bxc5 13. Ne5 Bb7 14. Bf4 Na6 15.
Nc4 Nc7 16. Rb1 Qc8 17. Bxc7 dxc4 18. Bxb7 Qxb7 19. Be5 cxb3 20. Rxb3 Qa6 21. a4
Rad8 22. Qc2 Qc4 23. Rc1 Ng4 24. Bc7 Rc8 25. Bf4 Qe6 26. h3 Nf6 27. Kg2 c4 28.
Rbb1 Bc5 29. Rd1 Qc6+ 30. Kg1 Qe6 31. Kg2 h6 32. g4 a5 33. Rb5 Qc6+ 34. f3 Red8
35. Rxd8+ Rxd8 36. Rxa5 Bb4 37. Rf5 Bxc3 38. Qxc3 Nd5 39. Qa5 Qd7 40. Bc1 Ne7
41. Rc5 Qd1 42. Rxc4 Qxe2+ 43. Kg3 Qd1 44. Be3 Ng6 45. Qf5 Rd2 46. Qc8+ Rd8 47.
Qf5 Qd6+ 48. Bf4 Qe7 49. Qe4 Qd7 50. h4 Re8 51. Rd4 Qc8 52. Qd3 Nf8 53. Qc4 Qb7
54. Qb5 Qa8 55. a5 Ne6 56. Re4 Rc8 57. a6 Rc6 58. Ra4 Nxf4 59. a7 Kh7 1-0

[Event "Astana Zhuldyzdary Open A"]
[Site "Astana KAZ"]
[Date "2023.07.18"]
[Round "10.14"]
[White "Assylov, Miras"]
[Black "Goganov, Aleksey"]
[Result "1/2-1/2"]
[BlackTitle "GM"]
[WhiteElo "2012"]
[BlackElo "2531"]
[WhiteFideId "13728873"]
[BlackFideId "24109959"]
[EventDate "2023.07.11"]

1. e4 e5 2. Nf3 Nc6 3. Bb5 a6 4. Ba4 Nf6 5. O-O Be7 6. Re1 b5 7. Bb3 O-O 8. a4
Bb7 9. d3 d6 10. Nc3 Na5 11. Ba2 b4 12. Ne2 c5 13. Ng3 Bc8 14. Nd2 Bg4 15. f3
Be6 16. Nc4 Nc6 17. f4 exf4 18. Bxf4 d5 19. Ne5 Na5 20. Nf5 Bxf5 21. exf5 Rc8
22. Kh1 Re8 23. Qf3 Bd6 24. Re2 c4 25. dxc4 dxc4 26. Rae1 Qc7 27. g4 h6 28. h4
b3 29. Bb1 Nc6 30. Nxc6 Rxe2 31. Rxe2 Qxc6 32. Qxc6 Rxc6 33. Bd2 Nxg4 34. cxb3
cxb3 35. Re8+ Kh7 36. f6+ g6 37. h5 Nxf6 38. hxg6+ Kg7 39. gxf7 Kxf7 40. Re1 Rc4
41. a5 Rh4+ 42. Kg1 Ng4 43. Bc3 Rh2 44. Bg6+ Kxg6 45. Re6+ Kf5 46. Rxd6 Rc2 47.
Rxa6 h5 48. Ra8 h4 49. Rf8+ Ke4 50. Re8+ Kd3 51. Rd8+ Ke3 52. Re8+ Kf4 53. Rf8+
Kg5 54. Rg8+ Kf5 55. Rf8+ Ke6 56. Rh8 Rc1+ 57. Kg2 Ne3+ 58. Kf3 Nd5 59. Rh6+ Kf5
60. Rh5+ Ke6 61. Rh6+ Kf5 62. Rh5+ Ke6 63. Rh6+ 1/2-1/2

[Event "Astana Zhuldyzdary Open A"]
[Site "Astana KAZ"]
[Date "2023.07.18"]
[Round "10.15"]
[White "Suleymenov, Alisher"]
[Black "Kozganbay, Erkin"]
[Result "1-0"]
[WhiteTitle "IM"]
[WhiteElo "2499"]
[BlackElo "2337"]
[WhiteFideId "13707833"]
[BlackFideId "13703773"]
[EventDate "2023.07.11"]

1. e4 e6 2. d4 d5 3. Nc3 Bb4 4. e5 c5 5. a3 Bxc3+ 6. bxc3 Nc6 7. Qg4 g6 8. Nf3
Qa5 9. Bd2 c4 10. Be2 Bd7 11. h4 h6 12. O-O O-O-O 13. Qf4 Rf8 14. a4 f6 15. Rfb1
Qd8 16. Qh2 Rh7 17. Bc1 fxe5 18. Nxe5 Nxe5 19. dxe5 Rhf7 20. Be3 Qa5 21. Ra3
Rxf2 22. Bxf2 Rxf2 23. Kxf2 Qc5+ 24. Kf1 Qxa3 25. Qf4 Kc7 26. Qf2 b6 27. a5 Qxa5
28. Qf8 Qxc3 29. Qxg8 Qxe5 30. Qa8 b5 31. Qxa7+ Kd8 32. Ra1 Ke8 33. Bf3 Qf4 34.
Qc5 1-0

[Event "Astana Zhuldyzdary Open A"]
[Site "Astana KAZ"]
[Date "2023.07.18"]
[Round "10.16"]
[White "Abdisalimov, Abdimalik"]
[Black "Ashraf, Artin"]
[Result "0-1"]
[WhiteTitle "IM"]
[BlackTitle "FM"]
[WhiteElo "2451"]
[BlackElo "2309"]
[WhiteFideId "14206323"]
[BlackFideId "22514805"]
[EventDate "2023.07.11"]

1. Nf3 d5 2. c4 e6 3. g3 d4 4. Bg2 c5 5. O-O Nc6 6. d3 h6 7. e3 Nf6 8. Re1 Bd6
9. Na3 O-O 10. exd4 cxd4 11. Nc2 a5 12. Nfxd4 Nxd4 13. Nxd4 Bb4 14. Nb3 Bxe1 15.
Qxe1 e5 16. Qc3 Qc7 17. Bd2 a4 18. Na5 Ra6 19. Re1 Re8 20. c5 b6 21. cxb6 Qxc3
22. Bxc3 Rxb6 23. Nc4 Rbe6 24. Nxe5 Ng4 25. f4 Rd6 26. d4 Nf6 27. a3 Nd5 28. Nc4
Rxe1+ 29. Bxe1 Re6 30. Kf2 Bb7 31. Bd2 f6 32. h3 Re7 33. Nd6 Ba8 34. Bf3 Nb6 35.
Bxa8 Nxa8 36. Nf5 Rb7 37. Bc3 Nb6 38. Ne3 Kf7 39. Kf3 g6 40. g4 Re7 41. f5 g5
42. d5 Re8 43. Bd4 Nd7 44. Nc4 Re1 45. Bc3 Rh1 46. Kg2 Rc1 47. Nd6+ Ke7 48. Ne4
Rd1 49. d6+ Kf7 50. Nd2 Nc5 51. Kf3 Rh1 52. Kg2 Rd1 53. Kf2 Ke8 54. Bb4 Nd7 55.
Bc3 Nc5 56. Bb4 Nd7 57. Kg2 Nb6 58. Ne4 Nd5 59. Ba5 Kd7 60. Kf3 Rd3+ 61. Kf2
Rxh3 62. Nc5+ Kxd6 63. Nxa4 Rh4 64. Kf3 h5 65. Nc3 Rxg4 66. Ne4+ Ke5 67. Nf2
Rf4+ 68. Kg2 Kxf5 69. b4 h4 70. Nd3 Rd4 71. Nc5 g4 72. b5 Rc4 73. Nb7 Rc2+ 74.
Kf1 h3 75. b6 Ke5 0-1

[Event "Astana Zhuldyzdary Open A"]
[Site "Astana KAZ"]
[Date "2023.07.18"]
[Round "10.17"]
[White "Sethuraman, S.P."]
[Black "Kazakov, Konstantin"]
[Result "1-0"]
[WhiteTitle "GM"]
[BlackTitle "IM"]
[WhiteElo "2602"]
[BlackElo "2389"]
[WhiteFideId "5021596"]
[BlackFideId "13700898"]
[EventDate "2023.07.11"]

1. e4 c5 2. Nf3 e6 3. Nc3 Nc6 4. Be2 Nf6 5. O-O a6 6. d4 cxd4 7. Nxd4 Qc7 8. Be3
Bb4 9. Na4 b5 10. Nb6 Rb8 11. Nxc6 dxc6 12. Nxc8 Rxc8 13. Bd3 O-O 14. a4 Rfd8
15. Qe2 Bd6 16. g3 Qe7 17. Rfd1 Bc5 18. Bd2 Nd7 19. e5 g6 20. h4 Qf8 21. Bf4 Nb6
22. axb5 axb5 23. Kg2 Nd5 24. Bd2 Ra8 25. h5 Qg7 26. c3 Bb6 27. hxg6 hxg6 28.
Bg5 Re8 29. Rxa8 Rxa8 30. Rh1 Bc7 31. f4 Qf8 32. Kf3 Bd8 33. Qh2 Qg7 34. Bh6 Qh7
35. Qc2 Bb6 36. Qb1 Ra4 37. Bf8 Qxh1+ 38. Qxh1 Kxf8 39. Qh8+ Ke7 40. Qb8 Bc7 41.
Qb7 Ra2 42. c4 1-0

[Event "Astana Zhuldyzdary Open A"]
[Site "Astana KAZ"]
[Date "2023.07.18"]
[Round "10.18"]
[White "Tsaruk, Maksim"]
[Black "Lobanov, Sergei"]
[Result "0-1"]
[WhiteTitle "FM"]
[BlackTitle "GM"]
[WhiteElo "2393"]
[BlackElo "2547"]
[WhiteFideId "13511173"]
[BlackFideId "24183750"]
[EventDate "2023.07.11"]

1. e4 e5 2. Nf3 Nc6 3. Bb5 a6 4. Ba4 Nf6 5. O-O b5 6. Bb3 Bc5 7. c3 d6 8. d4 Bb6
9. Be3 O-O 10. Nbd2 Rb8 11. h3 h6 12. Bc2 Re8 13. a3 a5 14. Qe2 Bd7 15. b3 Qc8
16. Rfd1 Qb7 17. Bd3 Qa7 18. Bxb5 exd4 19. cxd4 Nxd4 20. Nxd4 Bxd4 21. Bxd4 Qxd4
22. Bxd7 Nxd7 23. Rac1 Nc5 24. Nc4 Qf6 25. Nxa5 Rxe4 26. Qf3 Qxf3 27. gxf3 Rh4
28. b4 Ne6 29. Rc4 Rxh3 30. Kg2 Rh5 31. Nc6 Ra8 32. Rd5 Rxd5 33. Ne7+ Kh7 34.
Nxd5 Rxa3 35. Nxc7 Nxc7 36. Rxc7 Kg6 37. Rc6 Rd3 38. b5 Kf6 39. b6 Ke6 40. Rc8
Rb3 41. Rb8 g6 42. b7 Kd5 43. Kg3 h5 44. Kg2 Rb5 45. f4 Kc6 46. Rd8 Rxb7 47. f5
Rb5 48. fxg6 fxg6 49. f4 Rf5 50. Rc8+ Kd5 51. Kg3 g5 52. fxg5 Rxg5+ 53. Kf3 Kd4
54. Ra8 Rf5+ 55. Ke2 d5 56. Ra4+ Ke5 57. Rh4 Kf6 58. Rh1 Kg5 59. Rg1+ Kf4 60.
Rh1 Re5+ 61. Kf2 Kg4 62. Rg1+ Kf5 63. Rh1 Ke6 64. Rh4 Kd6 65. Kf3 Kc5 66. Ra4
Re8 67. Ra5+ Kc4 68. Ra4+ Kc3 69. Ra3+ Kb4 0-1

[Event "Astana Zhuldyzdary Open A"]
[Site "Astana KAZ"]
[Date "2023.07.18"]
[Round "10.19"]
[White "Nogerbek, Kazybek"]
[Black "Sisabayev, Kuanysh"]
[Result "1-0"]
[WhiteTitle "IM"]
[BlackTitle "FM"]
[WhiteElo "2504"]
[BlackElo "2235"]
[WhiteFideId "13710427"]
[BlackFideId "13702718"]
[EventDate "2023.07.11"]

1. d4 Nf6 2. c4 e6 3. Nf3 b6 4. a3 Be7 5. Nc3 Bb7 6. d5 O-O 7. e4 d6 8. Bd3 Re8
9. O-O Nbd7 10. Bc2 Bf8 11. Nd4 Ne5 12. Ba4 Nfd7 13. b3 exd5 14. exd5 a6 15. f4
Ng6 16. b4 Be7 17. Be3 Bf6 18. Qd3 b5 19. cxb5 Nb6 20. bxa6 Bxa6 21. Bb5 Bxb5
22. Ndxb5 Nc4 23. Qxc4 Rxe3 24. Rae1 Rxe1 25. Rxe1 Bxc3 26. Nxc3 Rxa3 27. g3 Qb8
28. Kg2 h6 29. Nb5 Ra4 30. Qc6 Ra2+ 31. Kf3 Ra8 32. Re3 Kh7 33. Nxc7 Ra1 34. Nb5
Qd8 35. Nxd6 Rd1 36. Nxf7 Qf8 37. Qc2 Rxd5 38. Ne5 Rd6 39. Nxg6 1-0

[Event "Astana Zhuldyzdary Open A"]
[Site "Astana KAZ"]
[Date "2023.07.18"]
[Round "10.20"]
[White "Ibadov, Dashgyn"]
[Black "Novik, Maxim"]
[Result "1/2-1/2"]
[WhiteTitle "IM"]
[BlackTitle "GM"]
[WhiteElo "2372"]
[BlackElo "2436"]
[WhiteFideId "24107514"]
[BlackFideId "4102924"]
[EventDate "2023.07.11"]

1. e4 c5 2. Nf3 Nc6 3. Bb5 g6 4. O-O Bg7 5. c3 Nf6 6. Re1 O-O 7. d4 d5 8. e5 Ne4
9. Bxc6 bxc6 10. Be3 f6 11. exf6 Bxf6 12. Ne5 Qb6 13. Qc1 cxd4 14. cxd4 Rb8 15.
Nc3 Nxc3 16. bxc3 Bxe5 17. dxe5 c5 18. Rb1 Qxb1 19. Qxb1 Rxb1 20. Rxb1 Bf5 21.
Rd1 Rb8 22. Bxc5 Kf7 23. Bb4 d4 24. Rxd4 a5 25. g4 axb4 26. gxf5 bxc3 27. fxg6+
hxg6 28. Rc4 Ra8 29. Rxc3 Rxa2 30. Rg3 Re2 31. Rg5 Kg7 32. Kf1 Re4 33. f3 Ra4
34. Kf2 Kh6 35. Rg4 Ra2+ 36. Kg3 g5 37. h4 gxh4+ 38. Kxh4 Re2 39. f4 Ra2 40. Rg8
Ra1 41. Re8 Ra7 42. e6 Kg7 43. Kg5 Rb7 44. f5 Ra7 45. Kf4 Ra4+ 46. Ke5 Ra5+ 47.
Ke4 Ra4+ 48. Kd5 Ra5+ 49. Kc6 Rxf5 50. Kd7 Ra5 51. Kxe7 Ra7+ 52. Kd6 Ra6+ 53.
Kd7 1/2-1/2

[Event "Astana Zhuldyzdary Open A"]
[Site "Astana KAZ"]
[Date "2023.07.18"]
[Round "10.21"]
[White "Suleimen, Ergali"]
[Black "Agmanov, Zhandos"]
[Result "1/2-1/2"]
[WhiteTitle "FM"]
[BlackTitle "IM"]
[WhiteElo "2296"]
[BlackElo "2430"]
[WhiteFideId "13724452"]
[BlackFideId "13708309"]
[EventDate "2023.07.11"]

1. e4 e6 2. d4 d5 3. Nd2 c5 4. Ngf3 cxd4 5. exd5 Qxd5 6. Bc4 Qd7 7. O-O Nc6 8.
Nb3 a6 9. Nbxd4 Nxd4 10. Nxd4 Qc7 11. Bd3 Bd6 12. h3 Nf6 13. Re1 O-O 14. c3 b6
15. Bg5 Be7 16. Qe2 Ra7 17. Rad1 Nd5 18. Bxe7 Nxe7 19. Nf3 Nd5 20. Ne5 Nf4 21.
Qe4 Ng6 22. Bb1 Qxe5 23. Qxe5 Nxe5 24. Rxe5 Rd7 25. Rxd7 Bxd7 26. Bd3 a5 27. Re4
Rb8 28. Rd4 Be8 29. f4 Kf8 30. Kf2 h6 31. Ke3 Ke7 32. h4 h5 33. g3 g6 34. a3 Bc6 1/2-1/2

[Event "Astana Zhuldyzdary Open A"]
[Site "Astana KAZ"]
[Date "2023.07.18"]
[Round "10.22"]
[White "Rakhimzhan, Alen"]
[Black "Gan-Erdene, Sugar"]
[Result "0-1"]
[WhiteTitle "FM"]
[BlackTitle "IM"]
[WhiteElo "2154"]
[BlackElo "2418"]
[WhiteFideId "13707213"]
[BlackFideId "4902980"]
[EventDate "2023.07.11"]

1. d4 Nf6 2. c4 g6 3. Nc3 Bg7 4. e4 d6 5. Be2 O-O 6. Bg5 c5 7. d5 h6 8. Be3 e6
9. Qd2 exd5 10. exd5 Kh7 11. h3 Re8 12. Nf3 Bf5 13. O-O Ne4 14. Nxe4 Bxe4 15.
Rae1 Na6 16. a3 b5 17. cxb5 Nc7 18. Bc4 Bxf3 19. gxf3 Re5 20. Bf4 Rh5 21. Kg2
Qd7 22. Rh1 Nxb5 23. Bxb5 Qxb5 24. Re7 Kg8 25. Rd1 Bf8 26. Rc7 Qb3 27. Bg3 Rf5
28. h4 a5 29. Kh2 a4 30. Rc6 h5 31. Kg2 Kh7 32. Qd3 Qxb2 33. Rb1 Qa2 34. Rb7 Kg8
35. Rcc7 Qa1 36. Qb1 Qxa3 37. Rb8 Qxf3+ 38. Kg1 Qxd5 39. Rxa8 Qxa8 0-1

[Event "Astana Zhuldyzdary Open A"]
[Site "Astana KAZ"]
[Date "2023.07.18"]
[Round "10.23"]
[White "Aitbayev, Aslan"]
[Black "Doschanov, Zhaslan"]
[Result "1/2-1/2"]
[WhiteTitle "IM"]
[WhiteElo "2403"]
[BlackElo "2193"]
[WhiteFideId "13704613"]
[BlackFideId "13701207"]
[EventDate "2023.07.11"]

1. e4 c5 2. Nf3 d6 3. Bb5+ Bd7 4. Bxd7+ Nxd7 5. O-O Ngf6 6. Qe2 e6 7. d4 cxd4 8.
Nxd4 Be7 9. c4 O-O 10. Nc3 Rc8 11. b3 Qa5 12. Bb2 a6 13. Rad1 Qh5 14. Qe3 Bd8
15. h3 Ba5 16. Nde2 Bb4 17. a3 Bc5 18. Qg3 Qg6 19. Kh2 Rfd8 20. f4 Qxg3+ 21.
Nxg3 h5 22. Rf3 Kf8 23. Rfd3 Ke7 24. Nge2 e5 25. g3 Nf8 26. Kg2 Ba7 27. b4 Ne6
28. Nd5+ Kf8 29. fxe5 Nxe4 30. Rc1 dxe5 31. Bxe5 f6 32. Bb2 Nf2 33. Rf3 Ne4 34.
Nef4 Nxf4+ 35. Rxf4 Nd2 36. Nxf6 gxf6 37. Bxf6 Be3 38. Rf5 Re8 39. c5 Kg8 40.
Rxh5 Ne4 41. Rf1 Nxf6 42. Rxf6 Rcd8 43. h4 Kg7 44. Rhf5 Re7 45. h5 Rd3 46. g4
Bd4 47. Rg6+ Kh7 48. Rd6 Rd2+ 49. Kh3 Be3 50. g5 Ra2 51. Rd3 Bc1 52. Kg4 Rg2+
53. Kh4 Rh2+ 54. Kg4 Rg2+ 55. Kh4 Rh2+ 56. Kg4 1/2-1/2

[Event "Astana Zhuldyzdary Open A"]
[Site "Astana KAZ"]
[Date "2023.07.18"]
[Round "10.24"]
[White "Divya, Deshmukh"]
[Black "Sapenov, Daniyal"]
[Result "1/2-1/2"]
[WhiteTitle "WGM"]
[BlackTitle "FM"]
[WhiteElo "2400"]
[BlackElo "2329"]
[WhiteFideId "35006916"]
[BlackFideId "13728911"]
[EventDate "2023.07.11"]

1. e4 e5 2. Nf3 Nc6 3. Bb5 a6 4. Ba4 Nf6 5. O-O b5 6. Bb3 Bc5 7. c3 d6 8. d4 Bb6
9. Be3 O-O 10. Nbd2 Rb8 11. Re1 Re8 12. h3 Bb7 13. Bc2 h6 14. a3 exd4 15. cxd4
Ne7 16. Nh4 Nc6 17. Ndf3 Bc8 18. Qc1 Nh7 19. e5 Nf8 20. Bf5 Nxd4 21. Bxd4 Bxd4
22. Nxd4 Qxh4 23. Qxc7 Qxd4 24. Qxb8 Bd7 25. Qxd6 Qxd6 26. exd6 Rxe1+ 27. Rxe1
Bxf5 28. b4 Be6 29. Rc1 Bd7 30. Rc7 f5 31. Ra7 Kf7 32. Rxa6 Ke6 33. Kf1 Kd5 34.
Ke2 Ne6 35. Ke3 Bc6 36. a4 bxa4 37. Kd2 Nd4 38. Kc3 Nb5+ 39. Kd3 Nxd6 40. Ra5+
Bb5+ 41. Kc3 Ne4+ 42. Kb2 Kc4 43. Ka3 Nd6 44. Ra7 Kc3 45. Rxg7 Nc4+ 46. Ka2 a3
47. g4 fxg4 48. hxg4 Ba4 49. b5 Bxb5 50. Rh7 Ne5 51. Kxa3 Nxg4 52. f3 Ne3 53.
Rxh6 Nc2+ 54. Ka2 Nd4 55. f4 Bd3 56. Ka3 Kc4 57. Kb2 Bf5 58. Rf6 Kd5 1/2-1/2